The TV kid / (Record no. 4618)

MARC details
000 -LEADER
fixed length control field 00913pam a2200301 i 4500
001 - CONTROL NUMBER
control field 4618
003 - CONTROL NUMBER IDENTIFIER
control field FISKH
005 - DATE AND TIME OF LATEST TRANSACTION
control field 20240918105236.0
008 - FIXED-LENGTH DATA ELEMENTS--GENERAL INFORMATION
fixed length control field 751105s1976 nyua j 000 1 eng
010 ## - LIBRARY OF CONGRESS CONTROL NUMBER
LC control number 75037944
020 ## - INTERNATIONAL STANDARD BOOK NUMBER
International Standard Book Number 0670733318
020 ## - INTERNATIONAL STANDARD BOOK NUMBER
International Standard Book Number 9780140388268
040 ## - CATALOGING SOURCE
Original cataloging agency DLC
Transcribing agency DLC
Modifying agency DLC
Language of cataloging eng
050 ## - LIBRARY OF CONGRESS CALL NUMBER
Classification number PZ7.B9836
082 ## - DEWEY DECIMAL CLASSIFICATION NUMBER
Classification number 813.54
100 1# - MAIN ENTRY--PERSONAL NAME
Personal name Byars, Betsy Cromer.
245 14 - TITLE STATEMENT
Title The TV kid /
Statement of responsibility, etc. Betsy Byars ; illustrated by Richard Cuffari.
260 ## - PUBLICATION, DISTRIBUTION, ETC.
Place of publication, distribution, etc. New York :
Name of publisher, distributor, etc. Puffin Books,
Date of publication, distribution, etc. 1976.
300 ## - PHYSICAL DESCRIPTION
Extent 118 pages :
Dimensions 20 cm
505 ## - FORMATTED CONTENTS NOTE
Formatted contents note Q<br/>
520 ## - SUMMARY, ETC.
Summary, etc. To escape failure, boredom, and loneliness, a young boy plunges with all his imagination into the world of television.
521 8# - TARGET AUDIENCE NOTE
Target audience note 680<br/>
Source Lexile<br/>
521 8# - TARGET AUDIENCE NOTE
Target audience note Q<br/>
Source Raz-Plus<br/>
650 ## - SUBJECT ADDED ENTRY--TOPICAL TERM
Topical term or geographic name entry element Television
Form subdivision Loneliness
General subdivision Snakes
906 ## - LOCAL DATA ELEMENT F, LDF (RLIN)
a 7
b cbc
c orignew
d 1
e ocip
f 19
g y-gencatlg
942 ## - ADDED ENTRY ELEMENTS (KOHA)
Source of classification or shelving scheme Dewey Decimal Classification
Koha item type Books
Suppress in OPAC No
Holdings
Withdrawn status Lost status Source of classification or shelving scheme Damaged status Not for loan Collection Home library Current library Shelving location Date acquired Total Checkouts Full call number Barcode Date last seen Price effective from Koha item type
    Dewey Decimal Classification     Juvenile Fiction Footprints International School Library Network Toul Kork Campus Footprints International School Library Network Toul Kork Campus TK Primary Library Room(4th Floor), Bookcase 5&6, Shelves 33-56, Orange Books 09/18/2024   BYA 813.54 PZ7.B9836 FISTK00320 09/18/2024 09/18/2024 Books